01384nam a2200337 i 4500001000300000003000400003005001700007008004100024020001500065040000800080041000800088080001400096080001000110080001000120080000800130080000900138245012200147260005000269300003600319500033700355650002300692650002500715650002500740650003500765655001700800700003900817856009800856942001200954999001700966952006300983bgBPK20191002090816.0070320s2007 pl f |000 0 pol d a839129997X cBPK0 apol a69:657.47 a338.5 a331.2 a369 a(07)00aKosztorysowanie obiektów i robót budowlanych :bpodręcznik /cEugeniusz Smoktunowicz - aut. główny [et al.]. aWarszawa :bOficyna Wydawnicza Polcen,c2001. a457 s. :brys., wykr. ;c21 cm. aU dołu okł. i s. tyt.: metody i podstawy kosztorysowania, wynagradzanie i normowanie pracy, komputerowe wspomaganie kosztorysowania, wycena prac projektowych i archeologicznuch, wykaz katalogów i cenników, przykłady kosztorysów i wzory umów, tekst rozporządzenia MRRiB z dn. 13.07.2001 r., ubezpieczenia w budownictwie. 4aBudownictwoxceny. 4aBudownictwoxkoszty. 4aBudownictwoxpłace. 4aNormowanie pracyxbudownictwo. 4aPodręcznik1 aSmoktunowicz, Eugeniuszd(1936- ). uhttp://koha.tu.koszalin.pl/cgi-bin/koha/opac-detail.pl?biblionumber=53227yKatalog online BPK cKS2UKD c53227d53227 00104071aELBUDbELBUDcbo82892p02350462t69 Pb.RbyKS